| 000 | 00712nam a2200265Ia 4500 | ||
|---|---|---|---|
| 003 | OSt | ||
| 005 | 20220918105405.0 | ||
| 006 | a|||||r|||| 00| 0 | ||
| 007 | ta | ||
| 008 | 220915b |||||||| |||| 00| 0 ara d | ||
| 024 | _a85,344 | ||
| 037 | _cReference Collections | ||
| 040 |
_aARTS _cARTS _bara |
||
| 041 |
_2ara _aara |
||
| 082 | _aV461, 28F9.8 | ||
| 100 |
_aJalaluddin Au. _9947 |
||
| 245 | 0 | _aAl-nujum-al-zahir | |
| 260 | _c1929 | ||
| 300 | _a735p. | ||
| 490 | _vVol.8 | ||
| 650 | _aREFERENCE BOOKS | ||
| 700 |
_a Popper William Ed. _9948 |
||
| 942 |
_hV461, 28F9.8 _cREF |
||
| 999 |
_c106653 _d106653 |
||